Old Glory of USA Quiz Stats

 Plays Quiz Updated Jun 14, 2017

Support Sporcle.
Go Orange.
Score 0/10 Timer 03:00
24 Plays Today
% Correct
1. New York City
99.4%
2. Los Angeles
97%
3. Chicago
91%
4. Houston
86.7%
9. Dallas
84.7%
5. Philadelphia
72.3%
8. San Diego
67%
6. Phoenix
63%
7. San Antonio
54.4%
10. San Jose
45.1%

You're not logged in!

Compare scores with friends on all Sporcle quizzes.
OR
Log In
Forgot?

From the Vault

AA Battery

by caramba

These aanswers aaren't eaasy, but the quiz is entertaaining.
Remove Ads.
Support Sporcle.
Get the best of Sporcle when you Go Orange. This ad-free experience offers more features, more stats, and more fun while also helping to support Sporcle. Thank you for becoming a member.

Show Comments

Extras

Top Quizzes Today


Score Distribution

Your Account Isn't Verified!

In order to create a playlist on Sporcle, you need to verify the email address you used during registration. Go to your Sporcle Settings to finish the process.

Report this User

Report this user for behavior that violates our Community Guidelines.

Details: